Normal view MARC view
  • Peale N V

Entry Personal Name

Number of records used in: 9

001 - CONTROL NUMBER

  • control field: 215130

003 - CONTROL NUMBER IDENTIFIER

  • control field: OSt

005 - DATE AND TIME OF LATEST TRANSACTION

  • control field: 20251120130458.0

008 - FIXED-LENGTH DATA ELEMENTS

  • fixed length control field: 251120|| aca||aabn | a|a d

040 ## - CATALOGING SOURCE

  • Original cataloging agency: OSt
  • Transcribing agency: OSt

100 ## - HEADING--PERSONAL NAME

  • Personal name: Peale N V

670 ## - SOURCE DATA FOUND

  • Source citation: Work cat.: (OSt)90732: Peale N V, The Power of Positive Thinking, 2009